Η πρώτη σύγκρουση Ελλήνων-Εβράιων : συνθήκες, αίτια, συνέπειες
Αποθηκεύτηκε σε:
| Κύριος συγγραφέας: | |
|---|---|
| Μορφή: | Βιβλίο |
| Γλώσσα: | Greek |
| Δημοσίευση: |
Αθήναι :
Εκδόσεις Ταλώς,
1985.
|
| Σειρά: | Ελληνισμός - Εβραιοσιωνισμός ;
2 |
| Θέματα: | |
| Ετικέτες: |
Προσθήκη ετικέτας
Δεν υπάρχουν, Καταχωρήστε ετικέτα πρώτοι!
|
MARC
| LEADER | 00000cam a2200000 a 4500 | ||
|---|---|---|---|
| 001 | 1/122112 | ||
| 008 | 200921t1985####gr | ||| |||| ||gre|| | ||
| 040 | |a GR-MyUa |b gre |c GR-MyUa |e AACR2 | ||
| 041 | 0 | |a gre | |
| 082 | 7 | |a 909.04924 |2 (23) | |
| 100 | 1 | |a Φουράκης, Γιάννης Π. |d 1937- | |
| 245 | 1 | 2 | |a Η πρώτη σύγκρουση Ελλήνων-Εβράιων : |b συνθήκες, αίτια, συνέπειες / |c Ιωάννη Π. Φουράκη. |
| 260 | |a Αθήναι : |b Εκδόσεις Ταλώς, |c 1985. | ||
| 300 | |a 380 σ. ; |c 21 εκ. | ||
| 490 | 1 | |a (Ελληνισμός - Εβραιοσιωνισμός |v ; 2 ) | |
| 650 | 0 | |a Jews |x History. | |
| 830 | 0 | |a Ελληνισμός - Εβραιοσιωνισμός ; |v 2 | |
| 852 | |a INST |b SAMOS |e 20200921 |h 909.04924 ΦΟΥ |p 005300046758 |q 005300046758 |t BK |y 0 | ||
| 920 | |a Τσάγκος |b Γεράσιμος |y Σάμος |z 2013-07 | ||
| 970 | |a Φιλιππή |b Φάλη |z 21-09-2020 | ||